00592 2200217 4500001002100000005001700021008004100038035002400079082001000103090001700113100002500130245007600155260002600231300002500257500003100282650001200313850001500325980001300340985000600353999001500359YOGYA-0209000006309520090227040132.0 ind  0010-020900000063095 a365.9 a365.9bDir S aDIRJOSISWORO, Sujono aSejarah dan azas-azas penologi (pemasyarakatan)cSoedjono Dirdjosisworo aBandungbArmicoc1984 a276 hlmbilusc21 cm aBibliografi : hlm. 273-274 aPenjara aYOPDYOG(B) a31-07-06 a1 a94P0053768